Orígenes de la Escuela del Trabajo / escribe: Pedro Voltes Pedro Voltes
Publicado:
San Jorge, núm. 95 (juny 1975), pàg. 91 - 94 :
MARC
| LEADER | 00000nam a2200000Ia 4500 | ||
|---|---|---|---|
| 001 | |||
| 008 | 160829s9999 xx 000 0 cat d | ||
| 100 | 1 | |a Voltes Bou, Pere, |d 1926-2009 |9 22645 | |
| 245 | |a Orígenes de la Escuela del Trabajo / escribe: |b Pedro Voltes | ||
| 260 | |a San Jorge, núm. 95 (juny 1975), pàg. 91 - 94 | ||
| 610 | 2 | 0 | |a Escola del Treball (Barcelona, Catalunya) |x Història |9 55346 |
| 901 | |a Arxiu | ||
| 942 | |n 1 | ||
| 952 | |0 0 |1 0 |4 0 |7 1 |9 50367 |a Arxiu |b Arxiu |d 2016-12-01 |l 0 |r 2016-12-01 00:00:00 |w 2016-12-01 |y ARXIU | ||
| 999 | |c 54209 |d 54209 | ||